000 01534cam a22004454i 4500
003 PE-LiUPU
005 20250731172728.0
008 150617s r 000 0 d
035 _a(Sirsi) a11378
040 _aPE-LiUPU
_bspa
_cPE-LiUPU
_erda
049 _aPRUA
082 0 4 _a221.07
_bCBAT
_221
100 1 _aFournille, Geron G.,
_eautor.
245 1 3 _aEl libro del Levítico /
_cintroducción y comentario por Geron G. Fournille.
264 1 _aSantander :
_bEditorial Sal Terrae,
_c1969.
300 _a192 páginas ;
_c17 centímetros.
336 _atext
_2rdacontent
337 _aunmediated
_2rdamedia
338 _avolume
_2rdacarrier
490 0 _a(Conoce la biblia: Antiguo Testamento ;
_v8)
500 _aTítulo en cubierta: "El levítico"
505 0 _aLeyes relativas al sacrificio -- Consagración de los sacerdotes -- Purificación y expansión -- La ley de santidad -- Apéndice: votos y diezmos -- Temas para repaso y discusión -- Abreviaturas.
526 _aSEG42
526 _aSEG41
526 _aSEG40
526 _aSEG39
526 _aP94
526 _aP87
526 _aP86
526 _aP85
526 _aP77
526 _aP76
526 _aP35
630 _aBiblia
_pLevítico
_xCrítica, interpretación, etc.
_91751
910 _ajck
942 _2ddc
_cBK
949 _a221.8 C
_wDEWEY
_c1
_i13440
_lCCODEBUL1
_mBUL
_p00.00
_r0
_sY
_tBOOK
_u19740830
_xTEOLOGIA
_0COMPRA
_o.STAFF. Colección General
980 _81
_gALBERTO SANCHEZ Responsable de Automatización
999 _c1522
_d1522